Vowel Sandwich Quiz Stats

 Plays Quiz Updated Aug 8, 2012

Also try: Missing Vowels
Challenge
Share
Tweet
Embed
Score 0/25 Timer 03:00
1 Play Today
Pattern Word % Correct
_ea_deaf
96.9%
_ei_Leia
95.1%
_eo_neon
94.9%
_ui_quiz
91.3%
_oo_rook
91.3%
_aa_Saab
90.5%
_ou_noun
89.3%
_au_faux
89.1%
_uo_buoy
88.8%
_ao_Laos
88.3%
_oa_soap
86.5%
_eu_Zeus
80%
_io_riot
78.6%
Pattern Word % Correct
_ee_weep
78.1%
_ie_Kiev
76.6%
_iu_Pius
72.9%
_oe_poem
70.8%
_oi_foil
69.4%
_ai_vain
68.3%
_ae_Baez
66.9%
_ii_Wiig
57.1%
_ia_liar
55.6%
_ua_yuan
54.9%
_ue_suet
50.4%
_uu_Nuuk
16.3%

You're not logged in!

Compare scores with friends on all Sporcle quizzes.
OR
Log In

You Might Also Like...

Show Comments

Extras

Top Quizzes Today


Score Distribution

Your Account Isn't Verified!

In order to create a playlist on Sporcle, you need to verify the email address you used during registration. Go to your Sporcle Settings to finish the process.

Report this User

Report this user for behavior that violates our Community Guidelines.

Details: